书目信息 |
| 题名: |
花鸟画法
|
|
| 作者: | 孔端甫 著 | |
| 分册: | ||
| 出版信息: | 济南 山东人民出版社 1980 |
|
| 页数: | 238页 | |
| 开本: | 19cm | |
| 丛书名: | ||
| 单 册: | ||
| 中图分类: | J211.2 | |
| 科图分类: | ||
| 主题词: | 花鸟画-技法(美术) , 技法(美术)-花鸟画 | |
| 电子资源: | ||
| ISBN: | ||
| 000 | 00614nam0 2200241 45 | |
| 001 | 0180007703 | |
| 005 | 20061119094154.01 | |
| 010 | @dCNY1.10 | |
| 091 | @aCN@b8099.2047 | |
| 100 | @a19950601d1980 em y0chiy0121 ea | |
| 101 | 0 | @achi |
| 102 | @aCN@b370000 | |
| 105 | @af z 000yy | |
| 200 | 10 | @a花鸟画法@Ahua niao hua fa@f孔端甫著 |
| 210 | @a济南@c山东人民出版社@d1980 | |
| 215 | @a238页@d19cm | |
| 606 | @a花鸟画-技法(美术) | |
| 606 | @a技法(美术)-花鸟画 | |
| 690 | @aJ211.2@v3 | |
| 701 | 0 | @a孔端甫@Akong duan fu@4著 |
| 801 | 2 | @aCN@bNLC@c20061119 |
| 801 | 0 | @aCN@bTSSF |
| 905 | @a10447@dJ211.2@e52 | |
| 花鸟画法/孔端甫著.-济南:山东人民出版社,1980 |
| 238页;19cm |
| ISBN :CNY1.10 |
| ● |
| 相关链接 |
|
|
|
|
正题名:花鸟画法
索取号:J211.2/52
 
预约/预借
| 序号 | 登录号 | 条形码 | 馆藏地/架位号 | 状态 | 备注 |
| 1 | 0208697 | 001214126 | 第一样本阅览室/ [索取号:J211.2/52] | 在馆 |